000 00933 a2200445 4500
000 BKB
001 069541
005 20200902150316.0
008
010 _a
020 _a
082 _a658.4038
_bF39K
100 1 _aFernandez, Irma Becerra
110 _a
245 1 _aKnowledge management
_cby Irma Becerra Fernandez...[et.al.]
250 _a
260 _aNew Delhi
_bPearson
_c2009
300 _a406p.
490 _a
_v
500 _a
600 _a
610 _a
611 _a
630 _a
650 _a
651 _a
654 _a
690 _aOrganizational learning; Information technology; Knowledge management
700 _aGonzalez, Avelino
_b
_c
710 _a
_b
_c
711 _a
720 _a
730 _a
740 _a
752 _a
856 _a
_d
_f
904 _a
964 _a
_b
_c
_d
_e
_f
_g
965 _a
999 _c3085
_d3085